000
00268nam a2200109Ia 4500
008
190914s9999||||xx |||||||||||||| ||und||
100
_a
Dominick Salvatore
245
0
_a
International Economics
260
_a
New Delhi
_b
Prentice Hall
_c
1999
300
_a
294
942
_c
BK
999
_c
9855
_d
9855